Statistics for Formula 1 Teams best drivers - Mercedes

Click here to take the quiz!

General Stats

  • This quiz has been taken 44 times
  • The average score is 5 of 7

Answer Stats

WinsPodiumsPolesAFPRacesAnswer% Correct
82148782.9222Lewis Hamilton
100%
2355304.9136Nico Rosberg
95%
1058203.7101Valterri Bottas
95%
11015.345George Russell
85%
81071.512Juan Manuel Fangio
51%
1312.36Stirling Moss
22%
0204.211Karl Kling
2%

Score Distribution

Percentile by Number Answered

Percent of People with Each Score

Your Score History

You have not taken this quiz